| 000 | 00716nam a22002057a 4500 | ||
|---|---|---|---|
| 999 |
_c4874 _d4874 |
||
| 003 | AR-CdUCM | ||
| 008 | 190311b ||||| |||| 00| 0 eng d | ||
| 040 |
_aMUNICIPALIDAD PROVINCIAL DEL CUSCO _cBIBLIOTECA MUNICIPAL DEL CUSCO |
||
| 082 |
_a869.501 / _bG98 |
||
| 100 |
_aGuzmán Calderón, Leonel _92855 |
||
| 245 | _aRafagas / | ||
| 260 |
_aCusco : _bAndina, _c1981. |
||
| 300 |
_a45 paginas ; _c21 cm. |
||
| 505 | _aContenido : Sueños tengo de ti -- Que forma de ser vano -- Tras el cansancio del beso -- Del brazo con la nada -- Decir adios ... | ||
| 650 |
_aPoesía cusqueña _92323 |
||
| 650 |
_aLiteratura peruana _9169 |
||
| 650 |
_aLiteratura latinoamericana _91143 |
||
| 942 |
_2ddc _cLIBROS |
||
| 945 | _arah | ||